[Event "Baden-ch"]
[Site "Sasbach"]
[Date "2018.07.27"]
[Round "3"]
[White "Rauch, Uwe"]
[Black "Schneider, Michael"]
[Result "1-0"]
[WhiteElo "2148"]
[BlackElo "2092"]
[PlyCount "71"]
[EventDate "2018.07.25"]
[EventType "swiss"]
[EventRounds "7"]
[EventCountry "GER"]
[SourceTitle "CBM 186 Extra"]
[Source "ChessBase"]
[SourceDate "2018.08.24"]
[SourceVersion "1"]
[SourceVersionDate "2018.08.24"]
[SourceQuality "1"]

1. e4 c5 2. c3 d5 3. exd5 Qxd5 4. Na3 Qe4+ 5. Qe2 Nf6 6. Nb5 Na6 7. Nf3 e6 8. Ne5 Be7 9. d3 Qxe2+ 10. Bxe2 Nd5 11. Nc4 0-0 12. Nbd6 Rd8 13. Nxc8 Raxc8 14. a4 Nac7 15. Na5 b6 16. Nc6 Rd6 17. Ne5 Ne8 18. h4 Rdd8 19. f4 Nd6 20. h5 f6 21. Nc4 Kf7 22. Bf3 Bf8 23. Ke2 Rc7 24. g4 Rb8 25. f5 Re8 26. fxe6+ Kxe6 27. Kf2 Nxc4 28. dxc4 Ne7 29. Re1+ Kf7 30. a5 g5 31. axb6 axb6 32. Be4 Kg7 33. Ra6 Nc8 34. Bf5 Rxe1 35. Kxe1 Ra7 36. Bxc8 1-0

[Event "Baden-ch"]
[Site "Emmendingen"]
[Date "2012.06.06"]
[Round "3"]
[White "Schneider, Michael"]
[Black "Mueller, Erich2222"]
[Result "1/2-1/2"]
[WhiteElo "2138"]
[BlackElo "2131"]
[PlyCount "85"]
[EventDate "2012.06.04"]
[EventType "swiss"]
[EventRounds "9"]
[EventCountry "GER"]
[SourceTitle "CBM 148 Extra"]
[Source "ChessBase"]
[SourceDate "2012.06.22"]
[SourceVersion "1"]
[SourceVersionDate "2012.06.22"]
[SourceQuality "1"]

1. c4 f5 2. Nc3 Nf6 3. g3 g6 4. Bg2 Bg7 5. Nf3 0-0 6. 0-0 d6 7. d4 Nc6 8. Bg5 Ne4 9. d5 Nxc3 10. bxc3 Ne5 11. Nxe5 Bxe5 12. Qd3 f4 13. Bh6 Rf7 14. Qd2 fxg3 15. fxg3 Rxf1+ 16. Rxf1 Bf6 17. Qf4 Qe8 18. Be4 Bd7 19. Qe3 b6 20. h4 Bg4 21. Qd3 Bg7 22. Bxg7 Kxg7 23. Rf4 h5 24. Qd4+ Kg8 25. Rf2 Rc8 26. Qd2 Kg7 27. Qg5 c5 28. dxc6 Rc7 29. Bd5 e6 30. Be4 Kh7 31. Rf6 Rg7 32. Qf4 Bf5 33. Bxf5 exf5 34. Rxd6 Qxe2 35. Rd2 Qe7 36. Kh2 Qe6 37. c7 Qc6 38. Rd8 Qxc7 39. Qd4 Qe7 40. Kh3 Qe1 41. Kh2 Qe2+ 42. Kg1 Qe1+ 43. Kh2 1/2-1/2

[Event "Neuhausen op"]
[Site "Neuhausen"]
[Date "2004.05.??"]
[Round "?"]
[White "Bogner, Sebastian"]
[Black "Schneider, Michael"]
[Result "1-0"]
[WhiteElo "2093"]
[BlackElo "2163"]
[PlyCount "131"]
[EventDate "2004.05.??"]
[EventType "swiss"]
[EventRounds "7"]
[EventCountry "GER"]
[SourceTitle "CBM 100 Extra"]
[Source "ChessBase"]
[SourceDate "2004.07.06"]
[SourceVersion "2"]
[SourceVersionDate "2004.07.06"]
[SourceQuality "1"]

1. e4 c5 2. Nf3 Nc6 3. Bb5 g6 4. 0-0 Bg7 5. Bxc6 dxc6 6. Nc3 Nf6 7. d3 0-0 8. Be3 b6 9. Qd2 Ne8 10. Bh6 Nc7 11. Bxg7 Kxg7 12. Ne5 Qd6 13. f4 Ne6 14. Nc4 Qc7 15. f5 Nd4 16. Ne3 f6 17. Qf2 Bd7 18. Ne2 Nxe2+ 19. Qxe2 Be8 20. Rf3 g5 21. h4 h6 22. Rh3 Bf7 23. Nf1 Qe5 24. c3 Rad8 25. Nh2 Rh8 26. Rf1 Qd6 27. Rff3 Rdg8 28. Re3 e5 29. fxe6 Qxe6 30. Rhg3 Kf8 31. Qf2 Bh5 32. d4 cxd4 33. cxd4 Ke7 34. d5 Qe5 35. dxc6 Rd8 36. Rd3 Rxd3 37. Rxd3 Rd8 38. Rxd8 Kxd8 39. Qd2+ Ke8 40. Qd7+ Kf8 41. Qd8+ Be8 42. c7 Qc5+ 43. Kf1 Qc1+ 44. Kf2 Qxb2+ 45. Kg1 Qc1+ 46. Nf1 Qc5+ 47. Kh1 Qf2 48. c8Q Qxf1+ 49. Kh2 Qf4+ 50. Kg1 Qe3+ 51. Kf1 Qf4+ 52. Ke1 Qe3+ 53. Kd1 Qg1+ 54. Kc2 Qxg2+ 55. Kb1 Qg1+ 56. Kb2 Qh2+ 57. Qc2 Qe5+ 58. Kb1 Qf4 59. Qdd2 Qf1+ 60. Kb2 Qb5+ 61. Ka1 Bf7 62. hxg5 hxg5 63. Qb2 Qf1+ 64. Qdc1 Qf3 65. e5 fxe5 66. Qxe5 1-0

[Event "Bad Ems op"]
[Site "Bad Ems"]
[Date "2004.03.07"]
[Round "2"]
[White "Buzov, Boris"]
[Black "Schneider, Michael"]
[Result "1-0"]
[WhiteElo "2203"]
[BlackElo "2163"]
[PlyCount "53"]
[EventDate "2004.03.06"]
[EventType "swiss"]
[EventRounds "9"]
[EventCountry "GER"]
[SourceTitle "CBM 099 Extra"]
[Source "ChessBase"]
[SourceDate "2004.05.04"]
[SourceVersion "1"]
[SourceVersionDate "2004.05.04"]
[SourceQuality "1"]

1. e4 d5 2. exd5 Qxd5 3. Nc3 Qa5 4. Bc4 Nf6 5. d4 c6 6. Nge2 Bf5 7. Ng3 Bg6 8. Bf4 e6 9. 0-0 Nbd7 10. a3 Be7 11. Re1 0-0 12. Bd3 Qd8 13. Bxg6 hxg6 14. Bg5 Nb6 15. Qd3 Qd7 16. Rad1 Rad8 17. Nce2 Qd5 18. Bxf6 gxf6 19. Nf4 Qg5 20. Nh3 Qd5 21. c3 Kg7 22. Nf4 Qd6 23. Rxe6 fxe6 24. Qxg6+ Kh8 25. Ngh5 Rf7 26. Qxf7 Rg8 27. Ng6+ 1-0

[Event "Baden-ch BM"]
[Site "Karlsruhe"]
[Date "2003.04.21"]
[Round "5.15"]
[White "Szenetra, Werner"]
[Black "Schneider, Michael"]
[Result "0-1"]
[WhiteElo "2176"]
[BlackElo "2162"]
[PlyCount "64"]
[EventDate "2003.04.18"]
[EventType "swiss"]
[EventRounds "11"]
[EventCountry "GER"]
[SourceTitle "EXT 2004"]
[Source "ChessBase"]
[SourceDate "2003.11.25"]
[SourceVersion "1"]
[SourceVersionDate "2003.11.25"]
[SourceQuality "1"]

1. Nf3 Nf6 2. d4 g6 3. c4 Bg7 4. Nc3 d5 5. Bg5 Ne4 6. Bh4 Nxc3 7. bxc3 c5 8. e3 Nc6 9. Be2 0-0 10. 0-0 cxd4 11. cxd4 Qa5 12. Rc1 e5 13. cxd5 Qxd5 14. Bc4 Qa5 15. d5 Nd8 16. Qb3 f6 17. Rfd1 Bd7 18. Qc3 Qxc3 19. Rxc3 Nf7 20. d6 Rfc8 21. Bxf7+ Kxf7 22. Rc7 Rxc7 23. dxc7 Be6 24. Rd8 Rc8 25. Rxc8 Bxc8 26. Nd2 Ke6 27. f4 exf4 28. exf4 Kd5 29. Bf2 b6 30. h3 Bf8 31. Bh4 Bc5+ 32. Kf1 Be3 0-1

[Event "Lampertheim op 2nd"]
[Site "Lampertheim"]
[Date "2002.??.??"]
[Round "?"]
[White "Schneider, Michael"]
[Black "Kunin, Vitaly L"]
[Result "1-0"]
[WhiteElo "2289"]
[BlackElo "2476"]
[PlyCount "83"]
[EventDate "2002.12.26"]
[EventType "swiss"]
[EventRounds "7"]
[EventCountry "GER"]
[SourceTitle "EXT 2004"]
[Source "ChessBase"]
[SourceDate "2003.11.25"]
[SourceVersion "1"]
[SourceVersionDate "2003.11.25"]
[SourceQuality "1"]

1. f4 d5 2. Nf3 g6 3. g3 Bg7 4. Bg2 c6 5. 0-0 Nh6 6. c3 0-0 7. Kh1 Qb6 8. Qb3 Qc7 9. d3 Rd8 10. Be3 Nd7 11. Nbd2 b6 12. Bg1 Bb7 13. a4 c5 14. a5 Bc6 15. a6 e5 16. fxe5 Nxe5 17. d4 Nxf3 18. Bxf3 c4 19. Qc2 f5 20. Be3 Nf7 21. Bf4 Qd7 22. h4 Re8 23. b3 b5 24. bxc4 dxc4 25. Bxc6 Qxc6+ 26. Nf3 Nh6 27. Rfb1 Re7 28. Qb2 b4 29. Qxb4 Rae8 30. Qb5 Qe6 31. Be5 Ng4 32. Ng5 Qc8 33. Qd5+ Kh8 34. Rb8 Qxb8 35. Bxb8 h6 36. Nf7+ Kh7 37. Be5 Ne3 38. Qc6 Re6 39. Qf3 Ng4 40. Rb1 Rxa6 41. Bxg7 Kxg7 42. Ne5 1-0

[Event "Baden-ch"]
[Site "Leimen"]
[Date "2001.04.19"]
[Round "7"]
[White "Gschnitzer, Oswald"]
[Black "Schneider, Michael"]
[Result "1-0"]
[WhiteElo "2412"]
[BlackElo "2150"]
[PlyCount "65"]
[EventDate "2001.04.13"]
[EventType "swiss"]
[EventRounds "9"]
[EventCountry "GER"]
[SourceTitle "CBM 082 Extra"]
[Source "ChessBase"]
[SourceDate "2001.07.03"]
[SourceVersion "1"]
[SourceVersionDate "2001.07.03"]
[SourceQuality "1"]

1. Nf3 Nf6 2. c4 g6 3. Nc3 d5 4. Qa4+ c6 5. cxd5 Nxd5 6. Nxd5 Qxd5 7. e4 Qd8 8. d4 Bg7 9. h3 0-0 10. Be2 Nd7 11. Be3 e5 12. Rd1 exd4 13. Bxd4 Qe7 14. Bxg7 Kxg7 15. 0-0 c5 16. Qc2 Re8 17. Rfe1 Nf8 18. Qc3+ Kg8 19. Rd5 b6 20. Bb5 Bd7 21. Bxd7 Nxd7 22. Red1 Nf8 23. Ne5 Qf6 24. R1d3 Re7 25. Nxg6 Qxg6 26. Rg3 Rxe4 27. Re5 Re8 28. Rxe8 Rxe8 29. h4 Re4 30. h5 Qg4 31. Qf3 Qxg3 32. Qxg3+ Kh8 33. h6 1-0

[Event "Baden-ch"]
[Site "Leimen"]
[Date "2001.04.16"]
[Round "4"]
[White "Schneider, Michael"]
[Black "Benend, Andreas"]
[Result "1-0"]
[WhiteElo "2150"]
[BlackElo "2115"]
[PlyCount "55"]
[EventDate "2001.04.13"]
[EventType "swiss"]
[EventRounds "9"]
[EventCountry "GER"]
[SourceTitle "CBM 082 Extra"]
[Source "ChessBase"]
[SourceDate "2001.07.03"]
[SourceVersion "1"]
[SourceVersionDate "2001.07.03"]
[SourceQuality "1"]

1. Nf3 Nc6 2. d4 d5 3. g3 Bg4 4. Nbd2 e6 5. Bg2 Qd7 6. 0-0 0-0-0 7. c3 Nge7 8. b4 Bxf3 9. Nxf3 Ng6 10. a4 h5 11. a5 Nce7 12. b5 Qxb5 13. Ng5 Qe8 14. Qb3 c6 15. e4 a6 16. Rb1 Rd7 17. Qb6 dxe4 18. Qa7 Rc7 19. Nxe4 Nd5 20. c4 Nf6 21. Nxf6 gxf6 22. d5 cxd5 23. cxd5 Bc5 24. Rb6 Qe7 25. dxe6 Bxf2+ 26. Kh1 Qxe6 27. Rd1 Bxb6 28. Qa8# 1-0

[Event "Baden-ch"]
[Site "Leimen"]
[Date "2001.04.14"]
[Round "2"]
[White "Schneider, Michael"]
[Black "Hildenbrand, Peter"]
[Result "1/2-1/2"]
[WhiteElo "2150"]
[BlackElo "2201"]
[PlyCount "34"]
[EventDate "2001.04.13"]
[EventType "swiss"]
[EventRounds "9"]
[EventCountry "GER"]
[SourceTitle "CBM 082 Extra"]
[Source "ChessBase"]
[SourceDate "2001.07.03"]
[SourceVersion "1"]
[SourceVersionDate "2001.07.03"]
[SourceQuality "1"]

1. Nf3 d5 2. d4 Nf6 3. g3 Bf5 4. Bg2 e6 5. 0-0 Be7 6. c4 c6 7. Nc3 Ne4 8. cxd5 exd5 9. Ne5 Nxc3 10. bxc3 Nd7 11. Nxd7 Qxd7 12. Re1 0-0 13. f3 Bh3 14. Rb1 Bxg2 15. Kxg2 b5 16. Bf4 Bd6 17. Bxd6 Qxd6 1/2-1/2

[Event "Basel Hilton op 03rd"]
[Site "Basel"]
[Date "2001.01.07"]
[Round "7"]
[White "Schneider, Michael"]
[Black "Roschina, Tatiana"]
[Result "0-1"]
[WhiteElo "2150"]
[BlackElo "2293"]
[PlyCount "58"]
[EventDate "2001.01.01"]
[EventType "swiss"]
[EventRounds "7"]
[EventCountry "SUI"]
[SourceTitle "CBM 080 Extra"]
[Source "ChessBase"]
[SourceDate "2001.03.08"]
[SourceVersion "1"]
[SourceVersionDate "2001.03.08"]
[SourceQuality "1"]

1. b3 e5 2. Bb2 Nc6 3. e3 d5 4. Bb5 Bd6 5. f4 Qh4+ 6. g3 Qe7 7. Nf3 f6 8. Nc3 Be6 9. f5 Bxf5 10. Nxd5 Qd7 11. Nc3 Nge7 12. e4 Bg4 13. Be2 a6 14. Nh4 Be6 15. Bc4 0-0-0 16. Bxe6 Qxe6 17. d3 g5 18. Ng2 Nd4 19. Ne3 h5 20. Ncd5 Nxd5 21. exd5 Qh3 22. c3 Bc5 23. b4 Ba7 24. cxd4 exd4 25. Qc2 Rhe8 26. 0-0-0 dxe3 27. Bxf6 Rxd5 28. d4 Rd6 29. Qg6 Qe6 0-1

[Event "Basel Hilton op 03rd"]
[Site "Basel"]
[Date "2001.01.03"]
[Round "3"]
[White "Schneider, Michael"]
[Black "Seres, Lajos"]
[Result "0-1"]
[WhiteElo "2150"]
[BlackElo "2445"]
[PlyCount "92"]
[EventDate "2001.01.01"]
[EventType "swiss"]
[EventRounds "7"]
[EventCountry "SUI"]
[SourceTitle "CBM 080 Extra"]
[Source "ChessBase"]
[SourceDate "2001.03.08"]
[SourceVersion "1"]
[SourceVersionDate "2001.03.08"]
[SourceQuality "1"]

1. b3 e5 2. Bb2 d6 3. g3 Nf6 4. Bg2 Be7 5. c4 0-0 6. e3 Nc6 7. Ne2 d5 8. cxd5 Nxd5 9. a3 Be6 10. d4 exd4 11. Nxd4 Nxd4 12. Bxd4 c5 13. Bb2 Bf6 14. Qc2 Qa5+ 15. Nd2 Bxb2 16. Qxb2 Rfd8 17. Rd1 Rab8 18. 0-0 Nc3 19. Rde1 Na4 20. bxa4 Rxd2 21. Qe5 Rbd8 22. Rc1 b6 23. Bc6 R8d6 24. Qe4 a6 25. g4 h6 26. h3 c4 27. Rxc4 Bxc4 28. Qe8+ Kh7 29. Qe4+ f5 30. Qxc4 Qc5 31. Qxc5 bxc5 32. Bf3 fxg4 33. hxg4 Ra2 34. Rc1 Rxa3 35. Be4+ Kg8 36. Rxc5 Rxa4 37. Bd5+ Kf8 38. e4 Ke7 39. Kg2 Ra3 40. e5 Rd7 41. f4 a5 42. Kf2 a4 43. Ra5 Rc7 44. Ke2 Rc2+ 45. Kd1 Rf2 46. Ke1 Rh2 0-1

[Event "Verbandsliga Sued Baden 9899"]
[Site "Germany"]
[Date "1998.11.29"]
[Round "3.2"]
[White "Fernandez Aguado, Juan Luis"]
[Black "Schneider, Michael"]
[Result "1-0"]
[WhiteElo "2290"]
[BlackElo "2150"]
[PlyCount "65"]
[EventDate "1998.10.??"]
[EventType "team"]
[EventRounds "9"]
[EventCountry "GER"]
[SourceTitle "EXT 2004"]
[Source "ChessBase"]
[SourceDate "2003.11.25"]
[SourceVersion "1"]
[SourceVersionDate "2003.11.25"]
[SourceQuality "1"]
[WhiteTeam "Waldkirch"]
[BlackTeam "Zell"]
[WhiteTeamCountry "GER"]
[BlackTeamCountry "GER"]

1. e4 e6 2. Nf3 d5 3. Nc3 Nf6 4. e5 Nfd7 5. h4 c5 6. d3 Nc6 7. Bf4 Qa5 8. Qd2 b5 9. g3 b4 10. Nd1 Qc7 11. Qe2 Nd4 12. Nxd4 cxd4 13. Bg2 Bb7 14. 0-0 Rc8 15. Rc1 Qa5 16. Bd2 Qa4 17. Be1 Ba6 18. f4 Be7 19. f5 Nc5 20. Bd2 Ne4 21. Bxe4 dxe4 22. fxe6 e3 23. exf7+ Kf8 24. Nxe3 dxe3 25. Bxe3 Bb7 26. Kh2 Qa5 27. d4 Qxa2 28. Qg4 Qxb2 29. Rf2 h5 30. Qd7 Ba6 31. Bg5 Bxg5 32. hxg5 Qc3 33. Qd6# 1-0

[Event "Pforzheim"]
[Site "Pforzheim"]
[Date "1997.??.??"]
[Round "6"]
[White "Schneider, Michael"]
[Black "Remmler, Hans Peter"]
[Result "1/2-1/2"]
[WhiteElo "2150"]
[BlackElo "2310"]
[PlyCount "50"]
[EventDate "1997.??.??"]
[EventType "tourn"]
[EventRounds "9"]
[EventCountry "GER"]
[SourceTitle "EXT 2001"]
[Source "ChessBase"]
[SourceDate "2000.11.22"]
[SourceVersion "1"]
[SourceVersionDate "2000.11.22"]
[SourceQuality "1"]

1. Nf3 c5 2. g3 Nc6 3. Bg2 e5 4. c4 g6 5. Nc3 Bg7 6. 0-0 Nge7 7. a3 d6 8. Rb1 a5 9. Ne1 0-0 10. Nc2 Be6 11. Ne3 f5 12. Ned5 Kh8 13. d3 Rb8 14. Bd2 Bg8 15. b4 axb4 16. axb4 b6 17. b5 Nxd5 18. Nxd5 Bxd5 19. Bxd5 Ne7 20. Bg5 Bf6 21. Bh6 Nxd5 22. cxd5 Rf7 23. e4 Ra8 24. exf5 gxf5 25. Qh5 Qd7 1/2-1/2

[Event "Bad Zwesten op 1st"]
[Site "Bad Zwesten"]
[Date "1997.??.??"]
[Round "4"]
[White "Schneider, Michael"]
[Black "Trisic, Aleksandar"]
[Result "0-1"]
[WhiteElo "2150"]
[BlackElo "2245"]
[PlyCount "107"]
[EventDate "1997.01.02"]
[EventType "swiss"]
[EventRounds "7"]
[EventCountry "GER"]
[SourceTitle "CBM 057 Extra"]
[Source "ChessBase"]
[SourceDate "1997.05.01"]
[SourceVersion "1"]
[SourceVersionDate "1997.05.01"]
[SourceQuality "1"]

1. b3 e5 2. Bb2 Nc6 3. e3 d6 4. Nf3 Nf6 5. d4 e4 6. Nfd2 d5 7. c4 Ne7 8. cxd5 Nexd5 9. Nc3 Bf5 10. a3 c6 11. Qc2 Nxc3 12. Bxc3 Nd5 13. g3 Bg6 14. Bb2 f5 15. Nc4 Be7 16. Ne5 Bf6 17. Be2 0-0 18. b4 a6 19. Rc1 Qe8 20. Bc4 Rd8 21. Qb3 Bxe5 22. dxe5 Bf7 23. Bd4 b5 24. Bxd5 Bxd5 25. Qc3 Bc4 26. h4 Qe6 27. Qb2 Rfe8 28. h5 Rd7 29. Rd1 Red8 30. Rd2 Qe7 31. Rh2 Qg5 32. Rh4 Qe7 33. Rh2 Qg5 34. Rh4 Qe7 35. Rh2 Qe6 36. Rh4 Rd5 37. Rh2 R5d7 38. Rh4 Kf7 39. Qc1 Kg8 40. Qc3 a5 41. f3 exf3 42. Kf2 axb4 43. axb4 Be2 44. Rh1 Rd5 45. Rc2 Bc4 46. Ra1 f4 47. Rh1 Qg4 48. Rg1 fxe3+ 49. Bxe3 Rd3 50. Qe1 Qh3 51. Rxc4 bxc4 52. Qc1 c3 53. h6 Rf8 54. Qf1 0-1